Lowest Common Multiple (LCM) - Statistics

General Stats
  • This quiz has been taken 17 times
    10 since last reset
  • The average score is 12 of 20
Answer Stats
Numbers LCM % Correct
8,13 104
100%
7,15 105
100%
3,12 12
100%
8,15 120
100%
9,14 126
100%
7,18 126
100%
11,12 132
100%
7,20 140
100%
11,13 143
100%
11,14 154
100%
12,13 156
100%
11,15 165
100%
11,16 176
100%
2,9 18
100%
11,18 198
100%
4,5 20
100%
4,10 20
100%
4,20 20
100%
3,7 21
100%
14,15 210
100%
3,8 24
100%
13,20 260
100%
14,19 266
100%
4,7 28
100%
4,14 28
100%
15,19 285
100%
6,15 30
100%
2,17 34
100%
4,9 36
100%
9,12 36
100%
12,18 36
100%
19,20 380
100%
8,10 40
100%
6,7 42
100%
9,15 45
100%
3,16 48
100%
6,16 48
100%
7,8 56
100%
8,14 56
100%
2,3 6
100%
10,12 60
100%
7,9 63
100%
7,10 70
100%
8,18 72
100%
4,19 76
100%
10,18 90
100%
7,14 14
50%
8,19 152
50%
8,12 24
50%
17,18 306
50%
17,19 323
50%
4,11 44
50%
8,9 72
50%
5,17 85
50%
3,9 9
50%
2,5 10
0%
2,10 10
0%
5,10 10
0%
6,17 102
0%
10,11 110
0%
7,16 112
0%
14,16 112
0%
6,19 114
0%
9,13 117
0%
7,17 119
0%
2,12 12
0%
3,4 12
0%
4,6 12
0%
4,12 12
0%
6,12 12
0%
14,18 126
0%
10,13 130
0%
7,19 133
0%
8,17 136
0%
2,7 14
0%
2,14 14
0%
14,20 140
0%
9,16 144
0%
16,18 144
0%
3,5 15
0%
3,15 15
0%
5,15 15
0%
9,17 153
0%
2,16 16
0%
4,16 16
0%
8,16 16
0%
10,17 170
0%
9,19 171
0%
6,9 18
0%
2,18 18
0%
3,18 18
0%
6,18 18
0%
9,18 18
0%
9,20 180
0%
18,20 180
0%
13,14 182
0%
11,17 187
0%
10,19 190
0%
13,15 195
0%
2,20 20
0%
5,20 20
0%
10,20 20
0%
12,17 204
0%
13,16 208
0%
11,19 209
0%
2,11 22
0%
11,20 220
0%
13,14 221
0%
12,19 228
0%
13,18 234
0%
14,17 238
0%
6,8 24
0%
15,16 240
0%
13,19 247
0%
15,17 255
0%
2,13 26
0%
16,17 272
0%
3,10 30
0%
5,6 30
0%
6,10 30
0%
2,15 30
0%
10,15 30
0%
16,19 304
0%
3,11 33
0%
17,20 340
0%
18,19 342
0%
5,7 35
0%
4,18 36
0%
2,19 38
0%
3,13 39
0%
2,4 4
0%
5,8 40
0%
8,20 40
0%
3,14 42
0%
6,14 42
0%
5,9 45
0%
12,16 48
0%
3,17 51
0%
4,13 52
0%
5,11 55
0%
3,19 57
0%
2,6 6
0%
3,6 6
0%
5,12 60
0%
4,15 60
0%
12,15 60
0%
3,20 60
0%
6,20 60
0%
12,20 60
0%
15,20 60
0%
5,13 65
0%
6,11 66
0%
4,17 68
0%
5,14 70
0%
10,14 70
0%
7,11 77
0%
6,13 78
0%
2,8 8
0%
4,8 8
0%
5,16 80
0%
10,16 80
0%
16,20 80
0%
7,12 84
0%
12,14 84
0%
8,11 88
0%
9,10 90
0%
5,18 90
0%
15,18 90
0%
7,13 91
0%
5,19 95
0%
9,11 99
0%
No matching quizzes found
Score Distribution
Percent of People with Each Score
Percentile by Number Answered
Your Score History
You have not taken this quiz since the last reset